Indian Desserts by Images - Statistics

General Stats
  • This quiz has been taken 18 times
  • The average score is 7 of 16
Answer Stats
Picture Answer % Correct
Jalebi
100%
Gulab jamun
94%
Kulfi
83%
Kheer
67%
Kaju katli
56%
Rasgulla
50%
Laddu
44%
Ghevar
39%
Modak
39%
Barfi
33%
Mysore Pak
33%
Malpua
22%
Peda
22%
Sheera
17%
Nankhatai
11%
Shrikhand
11%
No matching quizzes found
Score Distribution
Percent of People with Each Score
Percentile by Number Answered
Your Score History
You have not taken this quiz